000 01303cad a22002415a 4500
001 L139905
008 070820s2007 xxkd f s 000 0 eng d
035 _a(Sirsi) u139905
041 0 _aeng
050 0 4 _a333.33 $2 18
100 1 _aYen Keng, Tan
245 0 0 _aAsia Pacific property cycle monitor
_bJune 2007
_h[electronic resource]
260 _aLondon
_bRREEF
_c2007
520 _aReveals that the Asia Pacific region is still the world leader in terms of global economic performance, in spite of the slight mid-cycle global economic downturn in 2007. The Asian office market is experiencing a healthy growth cycle, encouraging office demand most cities. Asia's retail property market is still favoured by investors, with an increase in shopping centre rents across key Asian markets in 2006. In terms of industrial property, the milder than predicted economic downturn has boosted the sector, with rental growth predicted in the short and medium term.
590 _aKA
651 4 _aAsia Pacific
690 _aPROPERTY-COMMERCIAL PROPERTY-COMMERCIAL PROPERTY MARKET
700 1 _aChin, Henry
700 1 _aHobbs, Peter
710 2 _aDeutsche Bank
_bRREEF
_bReal Estate Research
_95322
856 4 0 _uhttps://www.rreef.com
_zView the report free of charge at www.rreef.com...
942 _n0
999 _c107370
_d107370